| 000 | 00942cam a2200277 a 4500 | ||
|---|---|---|---|
| 001 | 16081956 | ||
| 003 | OSt | ||
| 005 | 20231004132838.0 | ||
| 008 | 100203s2011 maua b 001 0 eng | ||
| 010 | _a 2010002572 | ||
| 020 | _a9789332544994 | ||
| 035 | _a(OCoLC)ocn316017302 | ||
| 040 |
_aDLC _cDLC _dYDX _dYDXCP _dORX _dCDX _dDLC |
||
| 050 | 0 | 0 |
_aQA241 _b.R67 2011 |
| 082 | 0 | 0 |
_a512.72 _bROS/E |
| 100 |
_aRosen, Kenneth H _93935 |
||
| 245 | 1 | 0 |
_aElementary number theory / _cKenneth H. Rosen. |
| 250 | _a6th ed. | ||
| 260 |
_aBoston : _bPearson, _cc2013. |
||
| 300 |
_a700 p. : _bill. ; _c24 cm. |
||
| 504 | _aIncludes bibliographical references and indexes. | ||
| 650 | 0 |
_aNumber theory _vTextbooks. |
|
| 906 |
_a7 _bcbc _corignew _d1 _eecip _f20 _gy-gencatlg |
||
| 942 |
_2ddc _cBK _h512.72 _iROS/E _k512.72 _mROS/E |
||
| 999 |
_c42316 _d42316 |
||